UBT Library

The illustrated longitude / (Record no. 39784)

000 -LEADER
fixed length control field 00856cam a2200241 a 4500
001 - CONTROL NUMBER
control field 12100825
005 - DATE AND TIME OF LATEST TRANSACTION
control field 20180104094056.0
008 - FIXED-LENGTH DATA ELEMENTS--GENERAL INFORMATION
fixed length control field 000710r19981995nyua b 001 0beng
010 ## - LIBRARY OF CONGRESS CONTROL NUMBER
LC control number tes98019858
020 ## - INTERNATIONAL STANDARD BOOK NUMBER
International Standard Book Number 0802713440
040 ## - CATALOGING SOURCE
Original cataloging agency DLC
Transcribing agency DLC
Modifying agency DLC
041 ## - LANGUAGE CODE
Language code of text/sound track or separate title eng
043 ## - GEOGRAPHIC AREA CODE
Geographic area code e-uk---
080 ## - UNIVERSAL DECIMAL CLASSIFICATION NUMBER
Universal Decimal Classification number 526.62.09 DAV
082 00 - DEWEY DECIMAL CLASSIFICATION NUMBER
Classification number 526.62.09 DAV
Edition number 21
100 1# - Rafti
Rafti 14
101 ## - Shkurtesa
Shkurtesa JUR
245 14 - TITLE STATEMENT
Title The illustrated longitude /
Statement of responsibility, etc Dava Sobel and William J.H. Andrewes.
504 ## - BIBLIOGRAPHY, ETC. NOTE
Bibliography, etc Includes bibliographical references and index.
906 ## - LOCAL DATA ELEMENT F, LDF (RLIN)
a 7
b cbc
c orignew
d 1
e ocip
f 19
g y-gencatlg
942 ## - ADDED ENTRY ELEMENTS (KOHA)
Source of classification or shelving scheme
Item type Books
Holdings
Withdrawn status Lost status Source of classification or shelving scheme Damaged status Not for loan Permanent location Current location Date acquired Total Checkouts Full call number Barcode Date last seen Price effective from Koha item type
          UBT - Lipjan UBT - Lipjan 01/04/2018   526.62.09 DAV 002-2994778 01/04/2018 01/04/2018 Books
UBT Library © 2015-2024. All rights reserved University Education for Business and Technology